Pays membres de l'UE par jour fériés avec erreurs éliminatoires - Statistiques

Statistiques générales
  • Ce quiz a été pris 19 fois
  • Le résultat moyen est 5 sur 7
Statistiques - réponses
Jours féries Pays % Correct
11 (7) Suède / Luxembourg / Italie / Grèce / Hongrie / Estonie / France
100%
10 (3) Irlande / Belgique / Allemagne
88%
13 (7) République Tchèque / Portugal / Pologne / Lituanie / Lettonie / Autriche / Finlande
88%
14 (6) Slovaquie / Roumanie / Croatie / Malte / Espagne / Bulgarie
88%
9 (2) Danemark / Pays-Bas
76%
15 (1) Chypre
35%
12 (1) Slovénie
35%
Aucun quiz correspondant
Distribution des résultats
% des personnes avec chaque résultat
Percentile par nombre de réponses
Votre historique - résultats
Vous n’avez pas pris ce quiz